000 01464cam a2200289 i 4500
003 SA-RiAUC
005 20250516154056.0
008 250515s1996 su g 000r0 ara c
040 _aSA-RiAUC
_bara
_cSA-RiAUC
_erda
082 0 4 _a252.5
_qSA-RiAUC
090 _a252.5
_bش ن ق
100 1 _aالشنقيطي، محمد الأمين بن محمد المختار بن عبد القادر،
_d1907-1973
_eمؤلف.
245 1 0 _aخالص الجمان :
_bتهذيب مناسك الحج من أضواء البيان /
_cمحمد الأمين بن محمد المختار بن عبد القادر الجكني الشنقيطي ؛ راجعه سعود بن إبراهيم الشريم ؛ قدم له بكر بن عبد الله أبو زيد.
250 _aالطبعة الثانية.
264 1 _aالرياض :
_bدار الوطن،
_c[1996]
300 _a319 صفحة ؛
_c24 سم
336 _aنص
_btxt
_2rdacontent
_3كتاب
337 _aبدون وسيط
_bn
_2rdamedia
338 _aمجلد
_bnc
_2rdacarrier
650 7 _aالحج
_2aucsh
650 7 _aالعبادات (فقه إسلامي)
_2aucsh
700 1 _aالشريم، سعود بن إبراهيم بن محمد،
_d1386 هجري-
_eمراجع.
700 1 _aأبو زيد، بكر بن عبد الله،
_d1365-1429 هجري
_eمقدم.
740 0 2 _aأضواء البيان في إيضاح القرآن بالقرآن.
942 _2ddc
_cBOOK
_n0
949 _aSA-JeALM
_d250515
_uosman123
_n1
999 _c7984
_d7984